<?xml version="1.0" encoding="UTF-8"?>
<collection xmlns="http://www.loc.gov/MARC21/slim">
 <record>
  <leader>00660nam a22001577i 4500</leader>
  <controlfield tag="001">000716775</controlfield>
  <controlfield tag="008">240702s1841    ??     fr     000 0 cze?d</controlfield>
  <datafield tag="STA" ind1=" " ind2=" ">
   <subfield code="a">Rychlá katalogizace</subfield>
  </datafield>
  <datafield tag="100" ind1=" " ind2=" ">
   <subfield code="a">Comte, Auguste M.</subfield>
  </datafield>
  <datafield tag="245" ind1=" " ind2="0">
   <subfield code="a">Cours de philosophie positive</subfield>
  </datafield>
  <datafield tag="264" ind1=" " ind2="1">
   <subfield code="a">Paris</subfield>
   <subfield code="b">Bachelier, imprimeur libraire</subfield>
   <subfield code="c">1841</subfield>
  </datafield>
  <datafield tag="300" ind1=" " ind2=" ">
   <subfield code="a">IV, 624 s.</subfield>
  </datafield>
  <datafield tag="NOT" ind1="E" ind2="1">
   <subfield code="a">Ancien élève de l'école polytechnique, répétiteur d'analyse transcendante et de mécanique ...</subfield>
  </datafield>
  <datafield tag="996" ind1=" " ind2=" ">
   <subfield code="1">PDPZ1</subfield>
   <subfield code="3">FP9563/V</subfield>
   <subfield code="4">PC=11/34</subfield>
   <subfield code="5">3142370307</subfield>
   <subfield code="7">Tome cinquième</subfield>
   <subfield code="8">20240702</subfield>
   <subfield code="f">95</subfield>
   <subfield code="h">Tome cinquième</subfield>
   <subfield code="l">UEP01</subfield>
   <subfield code="m">BOOK</subfield>
   <subfield code="q">Knihovna Žižkov depoz. 1</subfield>
   <subfield code="t">prezenční - lze objednat</subfield>
   <subfield code="u">UEP01</subfield>
   <subfield code="w">20240702</subfield>
  </datafield>
 </record>
</collection>
